[Event "Basel op"]
[Site "Basel"]
[Date "2016.01.03"]
[Round "4"]
[White "Curien, Nicolas"]
[Black "Habu, Yoshiharu"]
[Result "1/2-1/2"]
[WhiteElo "2199"]
[BlackElo "2398"]
[PlyCount "99"]
[EventDate "2016.01.01"]
[EventType "swiss"]
[EventRounds "7"]
[EventCountry "SUI"]
[SourceTitle "CBM 170 Extra"]
[Source "ChessBase"]
[SourceDate "2016.02.25"]
[SourceVersion "1"]
[SourceVersionDate "2016.02.25"]
[SourceQuality "1"]

1. d4 Nf6 2. Bg5 e6 3. e3 c5 4. Nd2 cxd4 5. exd4 b6 6. Ngf3 Bb7 7. Bd3 Be7 8. Bxf6 Bxf6 9. Qe2 d6 10. 0-0-0 Nd7 11. Kb1 Qc7 12. Be4 Be7 13. Rhe1 0-0-0 14. Bxb7+ Qxb7 15. d5 Qxd5 16. Ne4 Qb7 17. Nxd6+ Bxd6 18. Rxd6 Nc5 19. Red1 Qc7 20. Rxd8+ Rxd8 21. Rxd8+ Kxd8 22. a3 Ke7 23. g3 f6 24. Nd4 Qd7 25. Nf5+ Kf8 26. Ne3 e5 27. Qf3 Kf7 28. h4 g6 29. h5 f5 30. Qa8 Ne4 31. Qh8 Nf6 32. h6 f4 33. Nc4 Qd1+ 34. Ka2 Qd5 35. Qg7+ Ke6 36. b3 b5 37. Nb2 Qc5 38. gxf4 Qxc2 39. fxe5 Ne4 40. Qg8+ Kxe5 41. Qb8+ Ke6 42. a4 bxa4 43. bxa4 Qxf2 44. Qe8+ Kf5 45. Qd7+ Kg5 46. Qxh7 Qd4 47. Qe7+ Kxh6 48. Qh4+ Kg7 49. Qe7+ Kg8 50. Qe8+ 1/2-1/2

[Event "Zuerich op-A 39th"]
[Site "Zuerich"]
[Date "2015.12.30"]
[Round "7"]
[White "Burmakin, Vladimir"]
[Black "Habu, Yoshiharu"]
[Result "1/2-1/2"]
[WhiteElo "2556"]
[BlackElo "2398"]
[PlyCount "33"]
[EventDate "2015.12.26"]
[EventType "swiss"]
[EventRounds "7"]
[EventCountry "SUI"]
[SourceTitle "CBM 170 Extra"]
[Source "ChessBase"]
[SourceDate "2016.02.25"]
[SourceVersion "1"]
[SourceVersionDate "2016.02.25"]
[SourceQuality "1"]

1. Nf3 d5 2. g3 Nf6 3. Bg2 c6 4. 0-0 Bg4 5. d4 Nbd7 6. Nbd2 e6 7. Re1 Be7 8. e4 dxe4 9. Nxe4 Nxe4 10. Rxe4 Bf5 11. Re1 0-0 12. c3 a5 13. a4 h6 14. Be3 Be4 15. Bf4 Bd5 16. Qe2 Nb6 17. Nd2 1/2-1/2

[Event "Zuerich op-A 39th"]
[Site "Zuerich"]
[Date "2015.12.29"]
[Round "6"]
[White "Habu, Yoshiharu"]
[Black "Balint, Vilmos"]
[Result "1-0"]
[WhiteElo "2398"]
[BlackElo "2268"]
[PlyCount "93"]
[EventDate "2015.12.26"]
[EventType "swiss"]
[EventRounds "7"]
[EventCountry "SUI"]
[SourceTitle "CBM 170 Extra"]
[Source "ChessBase"]
[SourceDate "2016.02.25"]
[SourceVersion "1"]
[SourceVersionDate "2016.02.25"]
[SourceQuality "1"]

1. Nf3 Nf6 2. c4 e6 3. g3 a6 4. Nc3 d5 5. cxd5 exd5 6. d4 Bd6 7. Bg2 0-0 8. 0-0 Re8 9. Ne5 c6 10. Bf4 Nh5 11. Bd2 Bxe5 12. dxe5 d4 13. Ne4 Rxe5 14. e3 Nf6 15. Nxf6+ Qxf6 16. exd4 Re8 17. Bc3 Qd6 18. d5 c5 19. Qh5 Nd7 20. Rfe1 Rf8 21. Qg5 f6 22. Qe3 Nb6 23. Qe7 Nc4 24. b3 Qxe7 25. Rxe7 Nd6 26. Rae1 b6 27. Bd2 g5 28. Rc7 Nb5 29. Rc6 Rb8 30. Re7 Bf5 31. b4 cxb4 32. Bxb4 a5 33. Bd2 Rf7 34. Rxf7 Kxf7 35. a4 Nd4 36. Rc7+ Kg8 37. Be3 Nc2 38. Bd2 b5 39. g4 Bd3 40. axb5 Rxb5 41. h4 gxh4 42. d6 Nd4 43. d7 Ne6 44. Rc6 Rb1+ 45. Kh2 Bb5 46. Rxe6 Bxd7 47. Rd6 1-0

[Event "Zuerich op-A 39th"]
[Site "Zuerich"]
[Date "2015.12.29"]
[Round "5"]
[White "Salzgeber, Frank"]
[Black "Habu, Yoshiharu"]
[Result "0-1"]
[WhiteElo "2208"]
[BlackElo "2398"]
[PlyCount "116"]
[EventDate "2015.12.26"]
[EventType "swiss"]
[EventRounds "7"]
[EventCountry "SUI"]
[SourceTitle "CBM 170 Extra"]
[Source "ChessBase"]
[SourceDate "2016.02.25"]
[SourceVersion "1"]
[SourceVersionDate "2016.02.25"]
[SourceQuality "1"]

1. d4 d5 2. c4 c6 3. Nf3 Nf6 4. Nc3 e6 5. Bg5 h6 6. Bxf6 Qxf6 7. e3 Nd7 8. Bd3 dxc4 9. Bxc4 Bd6 10. 0-0 Qe7 11. e4 e5 12. d5 Nb6 13. Be2 0-0 14. dxc6 bxc6 15. Qc2 Rd8 16. Rfd1 Bg4 17. Nd2 Bxe2 18. Nxe2 Rac8 19. Rac1 g6 20. h3 h5 21. Ng3 Qe6 22. a3 Be7 23. Nf3 c5 24. Qc3 c4 25. Rxd8+ Bxd8 26. Qa5 Nd7 27. Qd5 Qxd5 28. exd5 f5 29. Ne2 Bf6 30. Nd2 Nb6 31. b3 Bg5 32. f4 exf4 33. Nf3 Be7 34. bxc4 Rxc4 35. Rxc4 Nxc4 36. Nxf4 Bxa3 37. Nxg6 a5 38. Kf2 a4 39. Ke2 Bd6 40. Nd2 a3 41. Nxc4 a2 42. Nxd6 a1Q 43. Ne7+ Kg7 44. Ndxf5+ Kf6 45. h4 Qa3 46. Kf2 Ke5 47. d6 Kf4 48. Kg1 Qc1+ 49. Kh2 Qd1 50. Ng3 Qxd6 51. Nef5 Qd3 52. Kh3 Qc3 53. Kh2 Kg4 54. Ne2 Qe5+ 55. Neg3 Qe1 56. Nh6+ Kxh4 57. Ngf5+ Kg5 58. g3 Qf1 0-1

[Event "Zuerich op-A 39th"]
[Site "Zuerich"]
[Date "2015.12.28"]
[Round "4"]
[White "Habu, Yoshiharu"]
[Black "Georgiev, Kiril"]
[Result "0-1"]
[WhiteElo "2398"]
[BlackElo "2627"]
[PlyCount "100"]
[EventDate "2015.12.26"]
[EventType "swiss"]
[EventRounds "7"]
[EventCountry "SUI"]
[SourceTitle "CBM 170 Extra"]
[Source "ChessBase"]
[SourceDate "2016.02.25"]
[SourceVersion "1"]
[SourceVersionDate "2016.02.25"]
[SourceQuality "1"]

1. e4 e5 2. Nf3 Nc6 3. Bc4 Bc5 4. c3 Nf6 5. d4 exd4 6. e5 d5 7. Be2 Ne4 8. cxd4 Bb6 9. 0-0 0-0 10. Nc3 Be6 11. Be3 f6 12. exf6 Qxf6 13. Na4 Kh8 14. Rc1 Bg4 15. a3 Rae8 16. b4 Nd6 17. b5 Bxf3 18. Bxf3 Nxb5 19. Nxb6 cxb6 20. Bxd5 Nbxd4 21. Rc4 Nf5 22. Rf4 Qd6 23. Bc1 Rd8 24. Bf3 Qc5 25. Qa4 b5 26. Qe4 Rd4 27. Qb1 Rxf4 28. Bxf4 Nfd4 29. Bxc6 Nxc6 30. Be3 Qf5 31. Qb2 Rd8 32. h3 Kg8 33. Re1 a6 34. Bb6 Rf8 35. Qc3 h6 36. Qe3 Kh7 37. Qc3 Qg6 38. Qe3 Rf5 39. Qc3 Rg5 40. g3 Rd5 41. Qf3 Qf5 42. Qxf5+ Rxf5 43. Rd1 Rf7 44. Kg2 Ne5 45. Be3 Nc4 46. Rd3 h5 47. Bf4 Kg6 48. Bb8 Kf5 49. Kf3 Ke6+ 50. Ke2 Rd7 0-1

[Event "Rilton Cup 44th"]
[Site "Stockholm"]
[Date "2015.01.05"]
[Round "9"]
[White "Tomov, Georgi"]
[Black "Habu, Yoshiharu"]
[Result "0-1"]
[WhiteElo "2257"]
[BlackElo "2415"]
[PlyCount "98"]
[EventDate "2014.12.27"]
[EventType "swiss"]
[EventRounds "9"]
[EventCountry "SWE"]
[SourceTitle "CBM 164 Extra"]
[Source "ChessBase"]
[SourceDate "2015.03.02"]
[SourceVersion "1"]
[SourceVersionDate "2015.03.02"]
[SourceQuality "1"]

1. d4 Nf6 2. c4 g6 3. Nc3 Bg7 4. e4 d6 5. Nf3 0-0 6. h3 e5 7. d5 Nh5 8. g3 Na6 9. Nh2 c6 10. Be2 Nf6 11. Ng4 Bxg4 12. hxg4 Nc5 13. Qc2 cxd5 14. cxd5 Qb6 15. g5 Nfd7 16. Be3 Rfc8 17. Bg4 Qd8 18. f3 a6 19. a4 b5 20. axb5 axb5 21. Rxa8 Rxa8 22. b4 Ra1+ 23. Nd1 Na4 24. Bxd7 Qxd7 25. Qc6 Qd8 26. 0-0 Bf8 27. Qxb5 Qc8 28. Nf2 Rxf1+ 29. Kxf1 Qc2 30. Kg2 Nb2 31. Ba7 Nc4 32. Qa6 Qe2 33. Qa1 h6 34. Qc3 hxg5 35. b5 Be7 36. Qd3 Qa2 37. Be3 Bd8 38. g4 Qa4 39. b6 Nxe3+ 40. Qxe3 Qb5 41. Qa3 Bxb6 42. Nd3 Bd4 43. Kf1 Qc4 44. Ke2 Qc2+ 45. Kf1 Qd1+ 46. Ne1 Qd2 47. Nd3 Qe3 48. Qa6 Qxf3+ 49. Ke1 Bc3# 0-1

[Event "Rilton Cup 44th"]
[Site "Stockholm"]
[Date "2015.01.04"]
[Round "8"]
[White "Habu, Yoshiharu"]
[Black "Merkesvik, Sondre"]
[Result "1-0"]
[WhiteElo "2415"]
[BlackElo "2218"]
[PlyCount "59"]
[EventDate "2014.12.27"]
[EventType "swiss"]
[EventRounds "9"]
[EventCountry "SWE"]
[SourceTitle "CBM 164 Extra"]
[Source "ChessBase"]
[SourceDate "2015.03.02"]
[SourceVersion "1"]
[SourceVersionDate "2015.03.02"]
[SourceQuality "1"]

1. e4 c5 2. Nf3 d6 3. d4 cxd4 4. Nxd4 Nf6 5. Nc3 g6 6. Be3 Bg7 7. f3 0-0 8. Qd2 Nc6 9. g4 Qa5 10. h4 h5 11. Nb3 Qd8 12. gxh5 Nxh5 13. 0-0-0 a6 14. Rg1 Be6 15. f4 Bxb3 16. cxb3 b5 17. Kb1 b4 18. Nd5 a5 19. Be2 a4 20. bxa4 Rxa4 21. Bxh5 Qa5 22. Rg5 e5 23. b3 Ra3 24. Bb6 Qa8 25. f5 Kh8 26. f6 Bh6 27. Bxg6 fxg6 28. Rh5 gxh5 29. Qxh6+ Kg8 30. Qg7# 1-0

[Event "Rilton Cup 44th"]
[Site "Stockholm"]
[Date "2015.01.03"]
[Round "7"]
[White "Pettersson, Anders"]
[Black "Habu, Yoshiharu"]
[Result "1-0"]
[WhiteElo "2280"]
[BlackElo "2415"]
[PlyCount "87"]
[EventDate "2014.12.27"]
[EventType "swiss"]
[EventRounds "9"]
[EventCountry "SWE"]
[SourceTitle "CBM 164 Extra"]
[Source "ChessBase"]
[SourceDate "2015.03.02"]
[SourceVersion "1"]
[SourceVersionDate "2015.03.02"]
[SourceQuality "1"]

1. d4 d5 2. c4 e6 3. Nf3 Nf6 4. Nc3 c6 5. Bg5 h6 6. Bh4 dxc4 7. e4 g5 8. Bg3 b5 9. Be2 Bb7 10. h4 g4 11. Ne5 Nbd7 12. 0-0 Rg8 13. Qc2 Nxe5 14. Bxe5 Nd7 15. Bg3 a6 16. Rfd1 c5 17. e5 cxd4 18. Rxd4 Bc5 19. Rxg4 Rxg4 20. Bxg4 Qc7 21. Qh7 Nf8 22. Qxh6 0-0-0 23. Rd1 Nd7 24. Qg7 f5 25. Bxf5 exf5 26. e6 f4 27. Rxd7 Rxd7 28. exd7+ Qxd7 29. Qxd7+ Kxd7 30. Bxf4 b4 31. Nd1 Be4 32. Bc1 a5 33. Kf1 Bd4 34. a3 Bc2 35. Ke1 Bxd1 36. Kxd1 Bxf2 37. Bg5 Bg3 38. a4 Ke6 39. h5 Be5 40. Kc1 Kf5 41. Bd8 b3 42. Bxa5 Kg5 43. Bc3 Bc7 44. g4 1-0

[Event "Rilton Cup 44th"]
[Site "Stockholm"]
[Date "2014.12.29"]
[Round "3"]
[White "Rydstrom, Tom"]
[Black "Habu, Yoshiharu"]
[Result "1/2-1/2"]
[WhiteElo "2243"]
[BlackElo "2415"]
[PlyCount "89"]
[EventDate "2014.12.27"]
[EventType "swiss"]
[EventRounds "9"]
[EventCountry "SWE"]
[SourceTitle "CBM 164 Extra"]
[Source "ChessBase"]
[SourceDate "2015.03.02"]
[SourceVersion "1"]
[SourceVersionDate "2015.03.02"]
[SourceQuality "1"]

1. e4 e6 2. d4 d5 3. Nc3 Bb4 4. e5 c5 5. a3 Bxc3+ 6. bxc3 Ne7 7. Qg4 Qc7 8. Qxg7 Rg8 9. Qxh7 cxd4 10. Ne2 Nbc6 11. f4 dxc3 12. h4 Bd7 13. h5 0-0-0 14. Qd3 Nf5 15. Qxc3 d4 16. Qc4 Nce7 17. Qxc7+ Kxc7 18. h6 Rg6 19. h7 Rh8 20. Bb2 Nc6 21. 0-0-0 Ne3 22. Rd3 Nxf1 23. Rxf1 Rxg2 24. Nxd4 Nxd4 25. Bxd4 Rxh7 26. Bxa7 Rhh2 27. Rc3+ Bc6 28. Bg1 Rh8 29. Rd1 Re2 30. Be3 Reh2 31. Kb2 Rh1 32. Rd6 Ra8 33. f5 exf5 34. Rf6 Kd7 35. Bc5 Re8 36. Rxf5 Bd5 37. Bd6 Rc8 38. Rxc8 Kxc8 39. Rf2 Kd7 40. Bb4 Ke6 41. Bc3 Kd7 42. Rd2 Ke6 43. Rf2 Kd7 44. Rd2 Ke6 45. Rf2 1/2-1/2

[Event "Rilton Cup 44th"]
[Site "Stockholm"]
[Date "2014.12.28"]
[Round "2"]
[White "Thompson, Ian D"]
[Black "Habu, Yoshiharu"]
[Result "1/2-1/2"]
[WhiteElo "2195"]
[BlackElo "2415"]
[PlyCount "94"]
[EventDate "2014.12.27"]
[EventType "swiss"]
[EventRounds "9"]
[EventCountry "SWE"]
[SourceTitle "CBM 164 Extra"]
[Source "ChessBase"]
[SourceDate "2015.03.02"]
[SourceVersion "1"]
[SourceVersionDate "2015.03.02"]
[SourceQuality "1"]

1. e4 e5 2. Nf3 Nc6 3. Bb5 a6 4. Ba4 Nf6 5. 0-0 Be7 6. Re1 b5 7. Bb3 d6 8. c3 0-0 9. h3 Nb8 10. d4 Nbd7 11. Nbd2 Bb7 12. Bc2 Re8 13. Nf1 Bf8 14. Ng3 g6 15. b3 Bg7 16. a4 exd4 17. cxd4 c5 18. axb5 axb5 19. Rxa8 Qxa8 20. d5 c4 21. bxc4 bxc4 22. Be3 Qa5 23. Nd4 Nxd5 24. Ndf5 Nxe3 25. Rxe3 gxf5 26. Nxf5 Qa1 27. Rg3 Qxd1+ 28. Bxd1 Bxe4 29. Nxg7 Rb8 30. Nf5+ Kf8 31. Nxd6 Bd3 32. Bg4 Ne5 33. Re3 f6 34. Bf5 c3 35. Bxd3 Nxd3 36. Rxd3 c2 37. Rc3 Rb1+ 38. Kh2 c1Q 39. Rxc1 Rxc1 40. g4 Ke7 41. Nf5+ Ke6 42. Kg2 Ke5 43. Ng3 Ra1 44. Kh2 Kf4 45. Kg2 Ra2 46. Nh5+ Ke5 47. Ng3 Kf4 1/2-1/2

[Event "Internation Shogi forum exhibition"]
[Site "Shizuoka"]
[Date "2014.12.07"]
[Round "2"]
[White "Habu, Yoshiharu"]
[Black "Nielsen, Peter Heine"]
[Result "1/2-1/2"]
[WhiteElo "2415"]
[BlackElo "2654"]
[PlyCount "93"]
[EventDate "2014.12.06"]
[EventType "match"]
[EventRounds "2"]
[EventCountry "JPN"]
[SourceTitle "CBM 164"]
[Source "ChessBase"]
[SourceDate "2015.01.15"]
[SourceVersion "1"]
[SourceVersionDate "2015.01.15"]
[SourceQuality "1"]

1. e4 c5 2. Nf3 d6 3. d4 cxd4 4. Nxd4 Nf6 5. Nc3 g6 6. Be3 Bg7 7. f3 0-0 8. Qd2 Nc6 9. g4 Nxd4 10. Bxd4 Be6 11. Nd5 Bxd5 12. exd5 Qc7 13. h4 Rac8 14. Rh2 e5 15. dxe6 fxe6 16. 0-0-0 Nd5 17. h5 Bxd4 18. Qxd4 g5 19. h6 Qe7 20. Kb1 Qf6 21. Qxf6 Rxf6 22. Rh5 Kf7 23. Bd3 Nf4 24. Rh2 Nxd3 25. Rxd3 d5 26. b3 b5 27. Kb2 Rf4 28. a3 Kf6 29. Re2 Rc6 30. Kc1 d4 31. Kd2 a5 32. Ke1 e5 33. Kd2 Ke6 34. Rh2 Kd5 35. Rh5 Rg6 36. c3 a4 37. cxd4 exd4 38. Rh1 Rgf6 39. bxa4 Rxf3 40. Rxf3 Rxf3 41. axb5 Rxa3 42. Rb1 Ra2+ 43. Kd3 Ra3+ 44. Ke2 Ra2+ 45. Kd3 Ra3+ 46. Ke2 Ra2+ 47. Kd3 1/2-1/2

[Event "Krakow op-A 24th"]
[Site "Krakow"]
[Date "2014.01.04"]
[Round "9"]
[White "Adamowicz, Katarzyna"]
[Black "Habu, Yoshiharu"]
[Result "0-1"]
[WhiteElo "2094"]
[BlackElo "2404"]
[PlyCount "128"]
[EventDate "2013.12.27"]
[EventType "swiss"]
[EventRounds "9"]
[EventCountry "POL"]
[SourceTitle "CBM 158 Extra"]
[Source "ChessBase"]
[SourceDate "2014.02.28"]
[SourceVersion "1"]
[SourceVersionDate "2014.02.28"]
[SourceQuality "1"]

1. e4 e5 2. Nf3 Nc6 3. Bb5 a6 4. Ba4 Nge7 5. c3 g6 6. d4 exd4 7. cxd4 b5 8. Bb3 Bg7 9. Nc3 0-0 10. 0-0 d6 11. h3 Bb7 12. Bc2 Qd7 13. Re1 Rae8 14. Be3 f5 15. d5 Nb4 16. Bb3 fxe4 17. Nxe4 Nbxd5 18. Nc3 Bxc3 19. bxc3 c5 20. Bh6 c4 21. Bc2 Nf5 22. Bxf5 Rxe1+ 23. Qxe1 Rxf5 24. Qd2 Nf6 25. Ng5 Qc6 26. f3 Qd5 27. Qd4 Qxd4+ 28. cxd4 Bc6 29. Re1 Nd5 30. Ne4 Rf7 31. Nxd6 Re7 32. Rxe7 Nxe7 33. Kf2 c3 34. Ke2 b4 35. Kd3 Bd5 36. a3 bxa3 37. Kxc3 a2 38. Kb2 Nc6 39. Ne4 Bxe4 40. fxe4 Nxd4 41. Kxa2 Kf7 42. Kb2 Nb5 43. Kc2 Ke6 44. Bd2 Nd6 45. Kd3 Nb7 46. Bc3 a5 47. Kd4 a4 48. e5 Nd8 49. Kc5 Nf7 50. Kb4 Nxe5 51. Kxa4 Nd3 52. Bd2 Ke5 53. g3 Nf2 54. Kb5 Nxh3 55. Kc6 Nf2 56. Kd7 Ne4 57. Be1 Kf5 58. Ke7 h5 59. Kf7 g5 60. Kg7 Kg4 61. Kg6 Nxg3 62. Bd2 h4 63. Be3 h3 64. Bg1 Nf1 0-1

[Event "Krakow op-A 24th"]
[Site "Krakow"]
[Date "2013.12.28"]
[Round "2"]
[White "Habu, Yoshiharu"]
[Black "Ulanowski, Karol"]
[Result "1-0"]
[WhiteElo "2404"]
[BlackElo "2144"]
[PlyCount "59"]
[EventDate "2013.12.27"]
[EventType "swiss"]
[EventRounds "9"]
[EventCountry "POL"]
[SourceTitle "CBM 158 Extra"]
[Source "ChessBase"]
[SourceDate "2014.02.28"]
[SourceVersion "1"]
[SourceVersionDate "2014.02.28"]
[SourceQuality "1"]

1. e4 c5 2. Nf3 d6 3. d4 cxd4 4. Nxd4 Nf6 5. Nc3 a6 6. Bc4 e6 7. 0-0 Be7 8. Bb3 0-0 9. f4 b5 10. Be3 Qc7 11. Kh1 b4 12. Na4 Nxe4 13. f5 d5 14. fxe6 fxe6 15. Rxf8+ Kxf8 16. Qg4 Qd6 17. Rf1+ Nf6 18. Qh3 Nc6 19. Nb6 Nxd4 20. Bxd4 Rb8 21. Qxh7 Kf7 22. c4 Rxb6 23. c5 Qc6 24. cxb6 Qb5 25. Rf2 Qc6 26. Bc2 Ke8 27. Qxg7 e5 28. Bxe5 Ne4 29. Rf7 Qc5 30. Ba4+ 1-0

[Event "Brussels rap 5th"]
[Site "Brussels"]
[Date "2007.05.06"]
[Round "9"]
[White "Nikolic, Predrag"]
[Black "Habu, Yoshiharu"]
[Result "0-1"]
[WhiteElo "2631"]
[BlackElo "2404"]
[PlyCount "92"]
[EventDate "2007.05.05"]
[EventType "swiss (rapid)"]
[EventRounds "11"]
[EventCountry "BEL"]
[SourceTitle "CBM 118 Extra"]
[Source "ChessBase"]
[SourceDate "2007.07.04"]
[SourceVersion "1"]
[SourceVersionDate "2007.07.04"]
[SourceQuality "1"]

1. d4 d5 2. c4 e6 3. Nf3 Nf6 4. Bg5 c6 5. e3 h6 6. Bxf6 Qxf6 7. Nbd2 Nd7 8. Bd3 g6 9. e4 Bg7 10. e5 Qe7 11. 0-0 0-0 12. c5 f5 13. exf6 Qxf6 14. Re1 b6 15. cxb6 axb6 16. Qc2 c5 17. Bxg6 Bb7 18. Bh5 Rac8 19. Bg4 cxd4 20. Qd1 Rce8 21. Nb3 Nc5 22. Nbxd4 e5 23. Nf5 e4 24. N3d4 Nd3 25. Re3 Nxf2 26. Qe2 Qxd4 27. Nxd4 Bxd4 28. Bh5 Re5 29. Re1 Kh8 30. h3 Ref5 31. Bg4 Rf4 32. Bh5 R4f5 33. Bg4 Rf4 34. Bd7 Nd3 35. Qh5 Rf1+ 36. Rxf1 Bxe3+ 37. Kh2 Rxf1 38. Qe8+ Kg7 39. Be6 Bf4+ 40. g3 Rf2+ 41. Kg1 Be3 42. Kh1 Ne1 43. Qe7+ Kg6 44. Bg4 Rf1+ 45. Kh2 Bg1+ 46. Kh1 Bc5+ 0-1

[Event "World op 34th"]
[Site "Philadelphia"]
[Date "2006.06.28"]
[Round "1"]
[White "Zenyuk, Iryna"]
[Black "Habu, Yoshiharu"]
[Result "0-1"]
[WhiteElo "2215"]
[BlackElo "2382"]
[PlyCount "98"]
[EventDate "2006.06.28"]
[EventType "swiss"]
[EventRounds "9"]
[EventCountry "USA"]
[SourceTitle "CBM 112 Extra"]
[Source "ChessBase"]
[SourceDate "2006.07.14"]
[SourceVersion "1"]
[SourceVersionDate "2006.07.14"]
[SourceQuality "1"]

1. d4 d5 2. Nf3 Nf6 3. c4 e6 4. Nc3 c6 5. e3 Nbd7 6. Bd3 dxc4 7. Bxc4 b5 8. Bd3 Bb7 9. e4 b4 10. Na4 c5 11. e5 Nd5 12. 0-0 cxd4 13. Re1 g6 14. Bg5 Qa5 15. Nd2 Bc6 16. Nc4 Bxa4 17. Nxa5 Bxd1 18. Raxd1 h6 19. Bd2 Rc8 20. Nb7 Rb8 21. Nd6+ Ke7 22. f4 Bg7 23. Be4 f6 24. Bxd5 fxe5 25. Bxe6 Kxe6 26. Nc4 Kd5 27. Nxe5 Nxe5 28. fxe5 Bxe5 29. g3 h5 30. Re2 Rhe8 31. Kg2 Bd6 32. Be3 Bc5 33. Kf3 Rf8+ 34. Bf4 Rbe8 35. h4 a5 36. Rde1 Rxe2 37. Rxe2 Bd6 38. a3 bxa3 39. bxa3 a4 40. Rb2 Bxf4 41. gxf4 Rc8 42. Rb5+ Rc5 43. Rb6 Rc3+ 44. Ke2 Rxa3 45. Rxg6 Ke4 46. f5 Ra2+ 47. Kd1 Kxf5 48. Rg5+ Ke4 49. Rxh5 a3 0-1

[Event "Dubai op 08th"]
[Site "Dubai"]
[Date "2006.04.30"]
[Round "8"]
[White "Habu, Yoshiharu"]
[Black "Miroshnichenko, Evgenij"]
[Result "0-1"]
[WhiteElo "2382"]
[BlackElo "2608"]
[PlyCount "122"]
[EventDate "2006.04.23"]
[EventType "swiss"]
[EventRounds "9"]
[EventCountry "UAE"]
[SourceTitle "EXT 2007"]
[Source "ChessBase"]
[SourceDate "2006.11.23"]
[SourceVersion "1"]
[SourceVersionDate "2006.11.23"]
[SourceQuality "1"]

1. e4 c5 2. Nf3 d6 3. d4 cxd4 4. Nxd4 Nf6 5. Nc3 Nc6 6. Bg5 e6 7. Qd2 Be7 8. 0-0-0 Nxd4 9. Qxd4 0-0 10. f4 Qa5 11. Bc4 Bd7 12. e5 dxe5 13. fxe5 Bc6 14. Bd2 Nd7 15. Nd5 Qc5 16. Nxe7+ Qxe7 17. Rhe1 Rfd8 18. Qg4 Nf8 19. Bd3 Rxd3 20. cxd3 Qd7 21. Bb4 Ng6 22. Bd6 f5 23. Qg5 Bd5 24. Kb1 Qa4 25. b3 Qh4 26. Qxh4 Nxh4 27. g3 Nf3 28. Re2 g5 29. Rc1 Kf7 30. Rc7+ Kg6 31. Kb2 h5 32. Rec2 h4 33. gxh4 Nxh4 34. Rc8 Rxc8 35. Rxc8 f4 36. Kc3 Nf3 37. h3 a6 38. a3 Kh6 39. Be7 Nxe5 40. Bf6 Nf3 41. b4 Kg6 42. Be7 e5 43. Rf8 Nd4 44. Kd2 Be6 45. Rh8 Nf3+ 46. Kd1 Bf5 47. Ke2 Ng1+ 48. Kd2 Nxh3 49. Bc5 Bd7 50. Bd6 Ng1 51. Ke1 Nf3+ 52. Kf2 Bc6 53. Bc5 g4 54. Rg8+ Kf5 55. Rf8+ Ke6 56. Rg8 g3+ 57. Kf1 Nh2+ 58. Kg1 Kf5 59. Be7 Nf3+ 60. Kf1 Bb5 61. Ke2 e4 0-1

[Event "Dubai op 08th"]
[Site "Dubai"]
[Date "2006.04.29"]
[Round "7"]
[White "Babaev, Rashad"]
[Black "Habu, Yoshiharu"]
[Result "1/2-1/2"]
[WhiteElo "2481"]
[BlackElo "2382"]
[PlyCount "117"]
[EventDate "2006.04.23"]
[EventType "swiss"]
[EventRounds "9"]
[EventCountry "UAE"]
[SourceTitle "EXT 2007"]
[Source "ChessBase"]
[SourceDate "2006.11.23"]
[SourceVersion "1"]
[SourceVersionDate "2006.11.23"]
[SourceQuality "1"]

1. e4 e6 2. d4 d5 3. Nd2 c5 4. Ngf3 cxd4 5. Nxd4 Nc6 6. Bb5 Nge7 7. 0-0 Bd7 8. Nxc6 Bxc6 9. Qe2 g6 10. Bxc6+ Nxc6 11. Qb5 Qb6 12. Qxb6 axb6 13. exd5 exd5 14. Re1+ Kd7 15. c3 f6 16. Nf3 Bd6 17. Be3 Bc5 18. a3 Bxe3 19. Rxe3 Rhe8 20. Rd3 Ke6 21. Re1+ Ne5 22. Rde3 Kd6 23. Nd4 Kd7 24. Kf1 Nc4 25. R3e2 Re5 26. Nf3 Rxe2 27. Rxe2 Re8 28. Rc2 b5 29. Nd4 Nd6 30. g3 Kc7 31. Ne2 Nc4 32. Nf4 Kd6 33. Ne2 Kc5 34. Nc1 Kd6 35. Ne2 Kc5 36. h4 Re7 37. Nc1 Kd6 38. Nb3 Re8 39. Nd4 Kc5 40. Nb3+ Kd6 41. Nc1 Kc6 42. Ne2 Kc5 43. Kg2 Re3 44. b4+ Kb6 45. Nf4 Kc6 46. Rc1 Re5 47. Ra1 g5 48. hxg5 fxg5 49. Nd3 Re6 50. Nc5 Rf6 51. Nb3 h6 52. a4 bxa4 53. Nd4+ Kb6 54. Rxa4 Nd6 55. f3 Nb5 56. Nxb5 Kxb5 57. Ra5+ Kc4 58. Rc5+ Kd3 59. Rc7 1/2-1/2

[Event "Hoogeveen Essent op"]
[Site "Hoogeveen"]
[Date "2005.10.22"]
[Round "2"]
[White "Wells, Peter K"]
[Black "Habu, Yoshiharu"]
[Result "0-1"]
[WhiteElo "2513"]
[BlackElo "2341"]
[PlyCount "56"]
[EventDate "2005.10.21"]
[EventType "swiss"]
[EventRounds "9"]
[EventCountry "NED"]
[SourceTitle "EXT 2006"]
[Source "ChessBase"]
[SourceDate "2005.11.24"]
[SourceVersion "1"]
[SourceVersionDate "2005.11.24"]
[SourceQuality "1"]

1. d4 d5 2. c4 c6 3. Nf3 Nf6 4. Nc3 e6 5. e3 Nbd7 6. Bd3 dxc4 7. Bxc4 b5 8. Be2 b4 9. Na4 Bd6 10. e4 Nxe4 11. Qc2 f5 12. Ng5 Nxg5 13. Qxc6 Ne4 14. Qxa8 0-0 15. Qc6 Ndf6 16. f3 Bd7 17. Qa6 Bxa4 18. Qxa4 Bxh2 19. Rxh2 Qxd4 20. fxe4 Nxe4 21. Rh1 Qf2+ 22. Kd1 Rd8+ 23. Kc2 Qxe2+ 24. Kb1 Nc3+ 25. bxc3 bxc3 26. Ba3 Rb8+ 27. Qb3 Qd3+ 28. Kc1 Qd2+ 0-1

[Event "World op 31st"]
[Site "Philadelphia"]
[Date "2003.07.04"]
[Round "5"]
[White "Habu, Yoshiharu"]
[Black "Sadvakasov, Darmen"]
[Result "0-1"]
[WhiteElo "2347"]
[BlackElo "2577"]
[PlyCount "68"]
[EventDate "2003.06.30"]
[EventType "swiss"]
[EventRounds "9"]
[EventCountry "USA"]
[SourceTitle "EXT 2004"]
[Source "ChessBase"]
[SourceDate "2003.11.25"]
[SourceVersion "1"]
[SourceVersionDate "2003.11.25"]
[SourceQuality "1"]

1. e4 c5 2. Nf3 d6 3. d4 cxd4 4. Nxd4 Nf6 5. Nc3 a6 6. Bc4 e6 7. Bb3 Nbd7 8. Qe2 Nc5 9. Bg5 Be7 10. f4 h6 11. Bxf6 Bxf6 12. 0-0-0 Qc7 13. Kb1 Bd7 14. Rhe1 0-0-0 15. e5 dxe5 16. fxe5 Be7 17. Qf3 Rhf8 18. Qg3 g6 19. Bc4 Kb8 20. Be2 Bc8 21. Bf3 Nd7 22. Qf4 Nb6 23. Qxh6 Rh8 24. Qc1 Nc4 25. Qf4 g5 26. Qe4 Rh4 27. g4 Rxh2 28. Bg2 Nxe5 29. a3 Nc4 30. Qf3 Qf4 31. Nc6+ bxc6 32. Qxc6 Rxd1+ 33. Rxd1 Rxg2 34. Qxg2 Ne3 0-1

[Event "Paris NAO Masters 2nd"]
[Site "Paris"]
[Date "2002.05.21"]
[Round "9"]
[White "Inkiov, Ventzislav"]
[Black "Habu, Yoshiharu"]
[Result "1/2-1/2"]
[WhiteElo "2440"]
[BlackElo "2342"]
[PlyCount "91"]
[EventDate "2002.05.13"]
[EventType "tourn"]
[EventRounds "9"]
[EventCountry "FRA"]
[EventCategory "5"]
[SourceTitle "CBM 088 Extra"]
[Source "ChessBase"]
[SourceDate "2002.07.01"]
[SourceVersion "2"]
[SourceVersionDate "2002.07.01"]
[SourceQuality "1"]

1. d4 Nf6 2. c4 g6 3. Nc3 Bg7 4. Nf3 0-0 5. Bg5 c5 6. e3 Nc6 7. d5 Na5 8. Nd2 d6 9. Be2 a6 10. a4 h6 11. Bh4 e6 12. 0-0 exd5 13. cxd5 Qb6 14. Qc2 Bd7 15. e4 Rac8 16. Kh1 c4 17. f3 Qc7 18. f4 Rce8 19. Qd1 Nh7 20. Bf2 b5 21. axb5 axb5 22. e5 dxe5 23. d6 Qd8 24. Nd5 Nc6 25. Nc7 exf4 26. Ra8 Qxa8 27. Nxa8 Rxa8 28. Bg4 Bxg4 29. Qxg4 Ne5 30. Qxf4 Nd3 31. Qf3 Nxb2 32. Bb6 c3 33. Nb3 Nc4 34. Bc7 Ng5 35. Qc6 Ne6 36. Qxb5 Ne3 37. Re1 Nc2 38. Rc1 Ncd4 39. Nxd4 Nxd4 40. Qc4 Ne6 41. Bb6 Rfb8 42. d7 Kh7 43. Be3 Rd8 44. Qc6 Rab8 45. g3 Nf8 46. Bb6 1/2-1/2